| 000 | 02001nam0a22003491 4500 | ||
|---|---|---|---|
| 001 | rc\2176999 | ||
| 005 | 20260407091358.0 | ||
| 035 | _a(NLR Aleph) 006607283 | ||
| 090 |
_a7311514 _c7311514 |
||
| 100 | _a20110829d1979 |||y0rusy50 ca | ||
| 101 | 0 | _arus | |
| 102 | _aRU | ||
| 105 | _aach z ||||| | ||
| 200 | 1 |
_aИз истории культурного строительства в Курской губернии, 1917-1928 _f[Гл. арх. упр. при Совете Министров СССР М-ва культуры СССР и РСФСР, Ин-т марксизма-ленинизма при ЦК КПСС и др.] _g[Сост. П.В. Иванов, А.Н. Бочаров, В.П. Гнездилов и др. _gРедкол.: В.Е. Шаров (отв. ред.) и др.] |
|
| 210 |
_aКурск _cБ. и. _d1979 |
||
| 215 |
_a260 с. _cил., портр., факс. _d21 |
||
| 225 | 1 |
_aИстория культурного строительства в СССР, 1917-1977 гг. _eДокументы и материалы _fГл. ред.: Ким М.П., гл. ред. и др. |
|
| 300 | _aВ надзаг. также: АН СССР, Ин-т истории СССР, Отд. пропаганды и агитации Обкома КПСС, Арх. отд. Исполкома Кур. обл. Совета нар. депутатов | ||
| 320 | _aБиблиогр. в примеч.: с. 241-246 и с. 258-259 | ||
| 702 | 1 |
_aГнездилов _bВ.П. _4220 |
|
| 702 | 1 |
_aШаров _bВ.Е. _4340 |
|
| 702 | 1 |
_aБочаров _bА.Н. _4220 |
|
| 702 | 1 |
_aИванов _bП.В. _4220 |
|
| 712 | 0 | 1 |
_aСССР _bГлавное архивное управление _3RU\NLR\AUTH\8816204 _9305539 |
| 712 | 0 | 2 |
_aКПСС _bКурский обл. ком. _bОтдел пропаганды и агитации |
| 801 | 1 |
_aRU _bELAR _2rusmarc |
|
| 801 | 0 |
_aRU _bNLR _gpsbo |
|
| 852 |
_aNLR _j79-3/10515 |
||
| 899 |
_aRuMoRGB _jБ 79-31/83 |
||
| 899 |
_aRuMoRGB _jБ 79-31/84 |
||
| 942 | _cBOOK | ||
| 980 | _aNB | ||